[Event "Berlin Lichtenberger op 6th"]
[Site "Berlin"]
[Date "2007.??.??"]
[Round "?"]
[White "Bukowski, Henryk"]
[Black "Daeweritz, Klaus"]
[Result "1-0"]
[WhiteElo "2123"]
[BlackElo "1832"]
[PlyCount "61"]
[EventDate "2007.08.18"]
[EventType "swiss"]
[EventRounds "9"]
[EventCountry "GER"]
[SourceTitle "CBM 120 Extra"]
[Source "ChessBase"]
[SourceDate "2007.11.01"]
[SourceVersion "1"]
[SourceVersionDate "2007.11.01"]
[SourceQuality "1"]

1. d4 d5 2. Nf3 Nf6 3. g3 e6 4. Bg2 Nbd7 5. 0-0 c6 6. c4 Bd6 7. Nc3 0-0 8. a3 dxc4 9. e4 e5 10. Qe2 exd4 11. Nxd4 Ne5 12. Be3 Bc7 13. Rad1 Qe7 14. h3 Be6 15. f4 Nd3 16. f5 Bd7 17. g4 c5 18. Nf3 Bc6 19. e5 Bxf3 20. exf6 Qxf6 21. Bxf3 Qe5 22. Nd5 Qg3+ 23. Qg2 Qxg2+ 24. Kxg2 Bd6 25. Rd2 Rab8 26. Be2 Ne5 27. Rfd1 b5 28. Nc3 Be7 29. Bf4 f6 30. Bxe5 fxe5 31. Nxb5 1-0

[Event "Berlin Lichtenberger op 6th"]
[Site "Berlin"]
[Date "2007.??.??"]
[Round "?"]
[White "Paris, Gerhard"]
[Black "Daeweritz, Klaus"]
[Result "0-1"]
[WhiteElo "1809"]
[BlackElo "1832"]
[PlyCount "112"]
[EventDate "2007.08.18"]
[EventType "swiss"]
[EventRounds "9"]
[EventCountry "GER"]
[SourceTitle "CBM 120 Extra"]
[Source "ChessBase"]
[SourceDate "2007.11.01"]
[SourceVersion "1"]
[SourceVersionDate "2007.11.01"]
[SourceQuality "1"]

1. e4 c5 2. Nf3 Nc6 3. Bb5 a6 4. Bxc6 dxc6 5. c3 Qd3 6. Qe2 Qxe2+ 7. Kxe2 c4 8. Na3 b5 9. b3 cxb3 10. axb3 Nf6 11. d3 g6 12. Nc2 Bg7 13. h3 0-0 14. Nb4 c5 15. Nc2 Be6 16. Nd2 Nd7 17. d4 cxd4 18. cxd4 Rfc8 19. Ra2 Nb6 20. Ba3 Na4 21. Rha1 Nc3+ 22. Kf1 Nxa2 23. Rxa2 Bh6 24. d5 Bxd5 25. exd5 Bxd2 26. Nd4 Bc3 27. Nc6 Kg7 28. Rc2 Bf6 29. f4 a5 30. g4 h6 31. Bc1 a4 32. g5 hxg5 33. fxg5 Ba1 34. b4 a3 35. Ra2 Bb2 36. Bxb2+ axb2 37. Rxb2 f6 38. Nxe7 Rc1+ 39. Kg2 Kf8 40. d6 Rd1 41. Rf2 Ke8 42. Ng8 Rxd6 43. Nxf6+ Ke7 44. Rc2 Kd8 45. Ne4 Rd4 46. Nc5 Rxb4 47. Nb7+ Ke7 48. Rc7+ Kf8 49. Nd6 Ra2+ 50. Kf3 Ra3+ 51. Ke2 Rb2+ 52. Kd1 Ra1+ 53. Rc1 Rxc1+ 54. Kxc1 Rb4 55. Kc2 Ke7 56. Nc8+ Kd7 0-1

[Event "Berlin op 08"]
[Site "Berlin"]
[Date "2006.08.25"]
[Round "7"]
[White "Wagner, Paul Werner"]
[Black "Daeweritz, Klaus"]
[Result "1-0"]
[WhiteElo "1811"]
[BlackElo "1631"]
[PlyCount "81"]
[EventDate "2006.08.19"]
[EventType "swiss"]
[EventRounds "9"]
[EventCountry "GER"]
[SourceTitle "EXT 2007"]
[Source "ChessBase"]
[SourceDate "2006.11.23"]
[SourceVersion "1"]
[SourceVersionDate "2006.11.23"]
[SourceQuality "1"]

1. e4 c5 2. Nf3 Nc6 3. d4 cxd4 4. Nxd4 Nf6 5. Nc3 d6 6. Be2 e6 7. 0-0 Be7 8. Kh1 Qb6 9. Ndb5 0-0 10. Be3 Qa5 11. f4 Rd8 12. a3 Rd7 13. b4 Qd8 14. Nd4 a6 15. Bf3 e5 16. Nf5 Qc7 17. Na4 b5 18. Nb6 Bb7 19. Nxd7 Qxd7 20. Qd2 Qe6 21. Rad1 Rd8 22. Nxe7+ Qxe7 23. f5 d5 24. Bc5 Qe8 25. exd5 e4 26. Rfe1 Rxd5 27. Qf4 Rxd1 28. Bxd1 Ne5 29. Be2 Nfd7 30. Bd4 f6 31. Rd1 Qc8 32. Qd2 Qc6 33. Be3 h6 34. h3 Kh7 35. Bh5 Bc8 36. Bg6+ Nxg6 37. fxg6+ Kxg6 38. Qd5 Qxd5 39. Rxd5 Nb6 40. Bxb6 Be6 41. Rd6 1-0

[Event "Berlin op 08"]
[Site "Berlin"]
[Date "2006.08.21"]
[Round "3"]
[White "Daeweritz, Klaus"]
[Black "Kaphle, Stephan"]
[Result "0-1"]
[WhiteElo "1631"]
[BlackElo "2043"]
[PlyCount "76"]
[EventDate "2006.08.19"]
[EventType "swiss"]
[EventRounds "9"]
[EventCountry "GER"]
[SourceTitle "EXT 2007"]
[Source "ChessBase"]
[SourceDate "2006.11.23"]
[SourceVersion "1"]
[SourceVersionDate "2006.11.23"]
[SourceQuality "1"]

1. e4 c5 2. Nf3 d6 3. d4 cxd4 4. Nxd4 Nf6 5. Nc3 a6 6. Bg5 e6 7. f4 h6 8. Bh4 Be7 9. Qf3 Qc7 10. 0-0-0 Nbd7 11. g4 g5 12. fxg5 Ne5 13. Qg3 Nfxg4 14. g6 fxg6 15. Bxe7 Qxe7 16. Be2 h5 17. h3 Nh6 18. Nf3 Nhf7 19. Rhf1 Bd7 20. Nxe5 Nxe5 21. Kb1 0-0-0 22. Qe3 Bc6 23. a3 g5 24. Rg1 Rdg8 25. Qd2 Kc7 26. b4 g4 27. hxg4 hxg4 28. b5 axb5 29. Bxb5 Nf3 30. Qe3 Nxg1 31. Bxc6 Kxc6 32. Na4 Nf3 33. Qb6+ Kd7 34. Qb5+ Kc8 35. Rd3 Kb8 36. Nb6 Rg5 37. Qa4 Rd8 38. Rb3 Nd2+ 0-1